000 00683nam a22002057a 4500
005 20251108170934.0
008 250721s1971 xx 000 0 ara d
082 1 4 _aم/217.5/محم
100 1 _aالأشقر، محمد سليمان
_eمحرر
245 1 0 _aالفهرس الهجائي لكتاب المغني لابن قدامة في فقه الإمام أحمد بن حنبل /
264 1 _aبيروت :
_bدار البحوث العلمية،
_c1971.
300 _a141ص
490 0 _aالفهرس الهجائي
650 1 7 _aالإسلام
650 1 7 _aفقه
650 1 7 _aفهارس
650 1 7 _aالمذهب الحنبلي
942 _2ddc
_cBK
999 _c52603
_d52603